Stále nezodpovedaná otázka alebo V ústrety 3. ročníka FISH

Bibliographic Details
Main Author: Fejko, Štefan, 1949- (Author)
Format: Article
Language:Slovak
Subjects:

MARC

LEADER 00000nab a2200000 a 4500
001 vtls000540055
003 SK-MaSNL
005 20260304085253.0
008 250425c1995 xo 0 slo
015 |a SNBRB19rr/mm-uuuuu 
035 |a CL0540193 
035 |a urn:nbn:sk:snk-abdp2z 
035 |a (urnnbn)urn:nbn:sk:snk:ar-000zzs 
035 |a (uuid)b87c0d00-5993-4b05-a1f5-6c80ef1da4c2 
040 |a SNKBUCL  |b slo  |c SNKBUCL  |e AACR2 
041 0 |a slo 
044 |a xo  |c SK 
080 |a 792.2:792(437.6):885.4-2  |2 1981 
080 |a 792(437.6)  |2 1981 
080 |a 885.4-2  |2 1981 
100 1 |a Fejko, Štefan,  |d 1949-  |4 aut  |9 120424 
245 1 0 |a Stále nezodpovedaná otázka alebo V ústrety 3. ročníka FISH  |c Štefan Fejko 
300 |b Fotogr. 1 
650 0 7 |a divadelné hry  |2 snkbucl  |9 79680 
650 0 7 |a slovenská dráma  |2 snkbucl  |9 78099 
650 0 7 |a slovenské divadlo  |2 snkbucl  |9 3370 
655 7 |a články z novín a časopisov  |2 snkbucl  |9 267496 
773 0 |t Javisko  |g Roč. 27, č. 2 (1995), s. 2-3 
850 |a Slovenská národná knižnica 
852 |a Slovenská národná knižnica 
954 |a odborná, vedecká literatúra pôvodná (slovenská)  |2 lita 
958 |a article19 
958 |a OND 
958 |a RK 
958 |a EUIPO 
992 |a RBX 
999 |c 2807253  |d 2809183